Carregant...
الفتنة الكبرى: عثمان
| Autor principal: | |
|---|---|
| Format: | Printed Book |
| Idioma: | English |
| Publicat: |
دار المعارف
|
| Col·lecció: | الجزء الأول
|
| LEADER | 00526nam a22001457a 4500 | ||
|---|---|---|---|
| 008 | 200211b ||||| |||| 00| 0 eng d | ||
| 999 | |c 348582 |d 348582 | ||
| 020 | |a 9789770280225 | ||
| 082 | |a 814 NZ | ||
| 100 | |a طه حسين | ||
| 245 | |a الفتنة الكبرى: عثمان |c أجاثا كريستي | ||
| 260 | |b دار المعارف | ||
| 490 | |a الجزء الأول | ||
| 942 | |c BK | ||
| 952 | |0 0 |1 0 |2 ddc |4 0 |6 814_000000000000000_NZ |7 0 |9 402049 |a ARA |b ARA |c ST1 |d 2020-02-11 |h الجزء الأول |i 11778 |l 0 |o 814 NZ |p ARA11778 |r 2020-02-11 |y BK | ||